Inovácie, nie reklama
Tradičná slovenská značka de Miclén chce omladiť svoj imidž. Objemy reklamy de Miclén 1999-2003.
Salvato in:
| Autore principale: | |
|---|---|
| Natura: | Capitolo di libro |
| Lingua: | slovacco |
| Soggetti: | |
| Tags: |
Nessun Tag, puoi essere il primo ad aggiungerne!!
|
MARC
| LEADER | 00000naa$a2200000$$$4500 | ||
|---|---|---|---|
| 001 | 0002280 | ||
| 005 | 20231003080312.2 | ||
| 041 | 0 | |a slo | |
| 044 | |a SK | ||
| 245 | 1 | 0 | |a Inovácie, nie reklama |c aut. Renata Môciková |
| 520 | |a Tradičná slovenská značka de Miclén chce omladiť svoj imidž. Objemy reklamy de Miclén 1999-2003. | ||
| 610 | 2 | 0 | |a tovar drogeristický |
| 610 | 2 | 0 | |a kozmetika |
| 610 | 2 | 0 | |a imidž |
| 610 | 2 | 0 | |a reklama |
| 610 | 2 | 0 | |a inovácia |
| 610 | 2 | 0 | |a značky výrobkov |
| 610 | 2 | 0 | |a Slovensko |
| 100 | 1 | |a Môciková, Renata | |